| Tag |
First Indicator |
Second Indicator |
Subfields |
| LEADER |
00000cam a22000004a 4500 |
| 001 |
in00001681908 |
| 005 |
20151024135709.0 |
| 008 |
010816s2002 enka b 001 0deng |
| 010 |
|
|
|a 2001005062
|
| 015 |
|
|
|a GBA1-U6994
|
| 020 |
|
|
|a 074531449X
|
| 020 |
|
|
|a 0745314449 (pbk.)
|
| 029 |
1 |
|
|a UKM
|b bA1U6994
|
| 035 |
|
|
|a (OCoLC)ocm47804995
|
| 040 |
|
|
|a DLC
|c DLC
|d UKM
|d IXA
|d C#P
|d UtOrBLW
|
| 042 |
|
|
|a pcc
|
| 049 |
|
|
|a TXAM
|
| 050 |
0 |
0 |
|a PN4784.W37
|b M39 2002
|
| 082 |
0 |
0 |
|a 070.4/333
|2 21
|
| 100 |
1 |
|
|a McLaughlin, Greg.
|
| 245 |
1 |
4 |
|a The war correspondent /
|c Greg McLaughlin.
|
| 264 |
|
1 |
|a London ;
|a Sterling, Va. :
|b Pluto Press,
|c 2002.
|
| 300 |
|
|
|a viii, 232 pages :
|b illustrations ;
|c 22 cm.
|
| 336 |
|
|
|a text
|b txt
|2 rdacontent
|
| 337 |
|
|
|a unmediated
|b n
|2 rdamedia
|
| 338 |
|
|
|a volume
|b nc
|2 rdacarrier
|
| 504 |
|
|
|a Includes bibliographical references (pages 219-228) and index.
|
| 650 |
|
0 |
|a War
|x Press coverage.
|
| 650 |
|
0 |
|a War correspondents
|v Interviews.
|
| 945 |
|
|
|i PromptCat
|
| 948 |
|
|
|a cataloged
|b h
|c 2002/7/22
|d c
|e cmulkey
|f 2:09:42 pm
|
| 994 |
|
|
|a 92
|b TXA
|
| 999 |
|
|
|a MARS
|
| 999 |
f |
f |
|s fe26499c-1bad-3aa6-b3b3-d969a60dcb94
|i 1957151e-9054-3f8f-8eba-764de0f2cfe8
|t 0
|
| 952 |
f |
f |
|p normal
|a Texas A&M University
|b College Station
|c Sterling C. Evans Library
|d Evans: Library Stacks
|t 0
|e PN4784.W37 M39 2002
|h Library of Congress classification
|i unmediated -- volume
|m A14829240111
|
| 998 |
f |
f |
|a PN4784.W37 M39 2002
|t 0
|l Evans: Library Stacks
|